Sports Quiz

Random Sports or Numbers Quiz
Score 0/30 Timer 05:00
0 Plays Today
Entry Number % Correct
26Hulk Hogan
94.1%
3Ric Flair
91.9%
21Randy Savage
86.4%
6Shawn Michaels
85.8%
20Undertaker
83.9%
1British Bulldog
83.7%
2Ted DiBiase
83.4%
15Rowdy Roddy Piper
80.3%
29Sid Justice
77.9%
16Jake Roberts
76.7%
30Warlord
73.7%
25Rick Martel
71.3%
7Tito Santana
70.9%
8Barbarian
66.7%
13Big Boss Man
66.7%
Entry Number % Correct
28Sgt. Slaughter
63.5%
18Irwin R. Schyster
62.8%
5Haku
62.4%
23Virgil
61.4%
9Texas Tornado
59.2%
17Jim Duggan
57.8%
10Repo Man
56.3%
27Skinner
55.2%
4Jerry Sags
54.6%
11Greg Valentine
54.4%
14Hercules
48.8%
22Berzerker
44.6%
19Jimmy Snuka
44.4%
24Col. Mustafa
39.1%
12Nikolai Volkoff
36.7%

You're not logged in!

Compare scores with friends on all Sporcle quizzes.
OR
Log In

Sporcle TV

Today on Sporcle TV


Watch our educational content, quiz creation guides, and fun videos on Sporcle TV.

Show Comments

Extras

Top Quizzes Today


Score Distribution

Paid Content

Your Account Isn't Verified!

In order to create a playlist on Sporcle, you need to verify the email address you used during registration. Go to your Sporcle Settings to finish the process.

Report this User

Report this user for behavior that violates our Community Guidelines.

Details: